00229nam a2200097 4500020001500000082001400015100001400029245005400043260002600097300000800123 a5030000763 a665.6 ERI aErikh,V.N aThe Chemistry and Technology of Petroleum and Gas aMoscowbMir Publisher a424